000 00849nas a2200289 4500
001 BR2012005257
003 BR-BrBNA
005 20231205120846.0
007 ta
008 230509b bl.|||p| |||| 00| 00por d
040 _aBR-BrBNA
_bpor
_cBiblioteca Nacional de Agricultura
041 _a(En)
072 _aF04; F06
100 1 _aAndrade Júnior, A.S. de
100 1 _aSilva, C.R. da
100 1 _aDias, N. da S.
100 1 _aRodrigues, B.H.N.
100 1 _aRibeiro, V.Q.
245 1 _aResponse of watermelon to nitrogen fertigation
650 _aCITRULLUS LANATUS
650 _aMELANCIA
650 _aIRRIGAÇÃO POR GOTEJAMENTO
650 _aFERTIRRIGAÇÃO
773 0 _tIrriga (Brazil)
_xISSN 1808-3765
_g(Apr-Jun 2009), v. 14(2) p. 115-122
_wBR2012005257
909 _a202311
_bLúcia
_c55
_dLúcia Elande
942 _2AGRIS
_n0
_cANA
999 _c220677
_d220677